| 000 | 00717nam a2200229 i 4500 | ||
|---|---|---|---|
| 001 | 17473 | ||
| 003 | ES-MaACL | ||
| 005 | 20230906151608.0 | ||
| 007 | t| | ||
| 008 | 010312s1990 sp ||||1| spa d | ||
| 020 | _a84-7112-348-7 | ||
| 080 | _a796.4.012 | ||
| 100 | 1 |
_aArnold, Peter J. _923114 |
|
| 245 | 1 | 0 |
_aEducación física, movimiento y curriculum / _cPeter J. Arnold. |
| 260 |
_aMadrid : _bMinisterio de Educación y Ciencia : _bMorata, _c[1990] |
||
| 300 |
_a204 p. ; _c21 cm. |
||
| 490 | 1 |
_aEducación infantil y primaria ; _v17 |
|
| 650 | 4 |
_aEduación física. _912071 |
|
| 830 | 0 |
_aEducación infantil y primaria ; _v17 _9183560 |
|
| 852 |
_aES-MaACL _jL-24305 _bR.129887 |
||
| 999 |
_c17473 _d17473 |
||